UBT Library

Nutritional Factors in General Medicine (Record no. 51689)

000 -LEADER
fixed length control field 00286nam a22001217a 4500
008 - FIXED-LENGTH DATA ELEMENTS--GENERAL INFORMATION
fixed length control field 181102b xxu||||| |||| 00| 0 eng d
041 ## - LANGUAGE CODE
Language code of text/sound track or separate title eng
080 ## - UNIVERSAL DECIMAL CLASSIFICATION NUMBER
Universal Decimal Classification number 612.39
100 ## - Rafti
Rafti 10
101 ## - Shkurtesa
Shkurtesa NUT
245 ## - TITLE STATEMENT
Title Nutritional Factors in General Medicine
Statement of responsibility, etc Altschule,M.D
942 ## - ADDED ENTRY ELEMENTS (KOHA)
Source of classification or shelving scheme
Item type Books
Holdings
Withdrawn status Lost status Source of classification or shelving scheme Damaged status Not for loan Collection code Permanent location Current location Shelving location Date acquired Total Checkouts Full call number Barcode Date last seen Price effective from Koha item type
          Koleksioni i përgjithshem UBT - Lipjan UBT - Lipjan Koleksioni i përgjithshem 11/02/2018   612.39 ALT 002-3017693 11/02/2018 11/02/2018 Books
UBT Library © 2015-2024. All rights reserved University Education for Business and Technology